00619nam a2200217Ia 4500008004100000020001500041050001000056050001500066100002500081245004200106245006000148260001400208260003800222260000900260300001600269300001700285300001100302440003200313650002800345700002800373160319s9999 xx 000 0 und d a9716300182 a635.9 bB933f 1994 aBulalacao, Lolita J. 2aA first look at Philippine flowers /  bby Lolita j. Bulalacao ; pictures by Crispin Dayao, Jr. aManila :  bTahanan Books for Young Readers,  c1994 a24 pages :  bcol. ill. ;  c21 cm. aA First look at ... Series. aFlowers -- Philippines. aDayao, Crispin., author